Calidad en la educación infantil

Guardat en:
Dades bibliogràfiques
Autor principal: Zabalza, Miguel Angel (Autor)
Format: Llibre
Idioma:espanyol
Publicat: Madrid Narcea 1996
Col·lecció:Colección Educación Hoy. Estudios
Matèries:
Etiquetes: Afegir etiqueta
Sense etiquetes, Sigues el primer a etiquetar aquest registre!

MARC

LEADER 00000nam a2200000 a 4500
001 UCQ9785
003 CL-VaPUC
008 990121e19960000SP |||||||||||||||||spa|d
082 0 4 |a 372.21  |b ZAB  |2 21 
100 0 |a Zabalza, Miguel Angel  |e author  |9 424428 
245 1 0 |a Calidad en la educación infantil 
300 |a 292 p 
942 |c BK 
945 |d 19990121 00:00:00  |a aarredon 
260 |a Madrid  |b Narcea  |c 1996 
650 0 |a Calidad de la educación   |9 307271 
650 7 |a EDUCACION INFANTIL  |2 CL-VaPUC  |9 424429 
650 0 |a Educación preescolar  |9 260381 
650 0 |a Didáctica   |9 369923 
650 0 |a Pedagogía  |9 255351 
650 0 |a Currículo  |9 307290 
650 0 |a Objetivos educativos  |9 306344 
583 |a last modification  |c 19990121 00:00:00  |k Rodrigo Vera 
490 0 |a Colección Educación Hoy. Estudios 
999 |c 278689  |d 278687 
952 |0 0  |1 0  |4 0  |6 372_210000000000000_ZAB_1996  |7 0  |8 A  |9 317410  |a BIBEDU  |b BIBEDU  |d 2019-11-20  |i 3495515  |o 372.21 ZAB 1996  |p 3495515  |r 2019-11-20  |w 2019-11-20  |y BK  |k BME 
952 |0 0  |1 0  |4 0  |6 372_210000000000000_ZAB_1996  |7 0  |8 A  |9 317411  |a BIBEDU  |b BIBEDU  |d 2019-11-20  |i 3647862  |o 372.21 ZAB 1996  |p 3647862  |r 2019-11-20  |w 2019-11-20  |y BK  |k BME 
952 |0 0  |1 0  |4 0  |6 372_210000000000000_ZAB_1996  |7 0  |8 A  |9 317412  |a BIBEDU  |b BIBEDU  |d 2019-11-20  |i 3661687  |o 372.21 ZAB 1996  |p 3661687  |r 2019-11-20  |w 2019-11-20  |y BK  |k BME